00773cam a22002174a 4500020003000000020002700030040000800057082002600065245005100091260005100142300003700193650002400230650002400254650001200278650002400290700002400314700002300338856005800361856006800419856006800487 a9780521853248 (hardcover) a0521853249 (hardcover) cDLC00a973 CAM 2005 A104 Or.04aThe torture papers :bthe road to Abu Ghraib / aNew York :bCambridge University Press,c2005. axxxiv, 1249 p. :bill. ;c27 cm. 0aIraq War, 2003-2011 0aIraq War, 2003-2011 0aTorture 0aPolitical prisoners1 aGreenberg, Karen J.1 aDratel, Joshua L.,41uhttp://www.loc.gov/catdir/toc/ecip056/2005000121.html42uhttp://www.loc.gov/catdir/enhancements/fy0632/2005000121-d.html42uhttp://www.loc.gov/catdir/enhancements/fy0733/2005000121-b.html